In vivo ROS detection in UV-stressed leaves
Elmentve itt :
| Szerző: | |
|---|---|
| Dokumentumtípus: | Cikk |
| Megjelent: |
2004
|
| Sorozat: | Acta biologica Szegediensis
48 No. 1-4 |
| Kulcsszavak: | Természettudomány, Biológia |
| Online Access: | http://acta.bibl.u-szeged.hu/22635 |
| LEADER | 00601nab a2200181 i 4500 | ||
|---|---|---|---|
| 001 | acta22635 | ||
| 005 | 20210413113638.0 | ||
| 008 | 161017s2004 hu o 0|| eng d | ||
| 022 | |a 1588-385X | ||
| 040 | |a SZTE Egyetemi Kiadványok Repozitórium |b hun | ||
| 041 | |a eng | ||
| 100 | 1 | |a Barta Csengele | |
| 245 | 1 | 3 | |a In vivo ROS detection in UV-stressed leaves |h [elektronikus dokumentum] / |c Barta Csengele |
| 260 | |c 2004 | ||
| 300 | |a 49 | ||
| 490 | 0 | |a Acta biologica Szegediensis |v 48 No. 1-4 | |
| 695 | |a Természettudomány, Biológia | ||
| 856 | 4 | 0 | |u http://acta.bibl.u-szeged.hu/22635/1/4849.pdf |z Dokumentum-elérés |